| 000 | 00542nam a2200205Ia 4500 | ||
|---|---|---|---|
| 005 | 20250923145719.0 | ||
| 008 | 008 250917s9999 xx 000 0 eng d | ||
| 037 | _aTextual | ||
| 040 |
_aDSWL _beng _cDSWL |
||
| 041 |
_aeng _2eng |
||
| 084 |
_aY:1:g, N83 _qDSWL |
||
| 100 |
_aMadan, T.N. _9838232 |
||
| 245 | 0 |
_aCulture and development _c by T.N.Madan |
|
| 260 |
_aDelhi _bOxford _c1983 |
||
| 300 | _a61p. | ||
| 365 |
_aINR _b12.60 |
||
| 925 | _g12.60 | ||
| 942 |
_cTEXL _hY:1:g, N83 |
||
| 999 |
_c1454673 _d1454673 |
||